000 01716nam0a2200409 4500
001 RU\NLR\bibl\265699
005 20250620131338.0
010 _a5-8044-0122-X
_9300
021 _aRU
_b2001-65177
_93167
035 _a(NLR Aleph) 000261280
090 _a1526287
_c1526287
100 _a20020517d2001 |||y0rusy50 ca
101 0 _arus
102 _aRU
105 _aa |||||||||
200 1 _aГеомагнитные пульсации и прогнозирование землетрясений
_dGeomagnetic pulsations and prediction of earthqakes
_fБ. С. Дымичев
_gРос. акад. наук, Дальневост. отд-ние, Ин-т космофиз. исслед. и распространения радиоволн
210 _aВладивосток
_cДальнаука
_d2001
215 _a149,[4] с.
_cил.
_d20
320 _aБиблиогр.: с. 128-130
510 0 _aGeomagnetic pulsations and prediction of earthqakes
606 0 _aГеомагнитные пульсации
_92309119
_3RU\NLR\auth\661382064
606 0 _aЗемлетрясения
_xПрогноз
_xМагнитные методы
_92248388
_3RU\NLR\auth\661348783
610 0 _aМагнитное поле Земли - Вариации
610 0 _aЗемлетрясения - Прогноз
675 _a550.344.094.37
_v3
_zrus
686 _a37
_2rugasnti
686 _a26.21
_2rubbk
686 _aД217.18в752.4
686 _aД214.225.7
700 1 _aДымичев
_bБ. С.
_gБорис Степанович
_4070
801 0 _aRU
_bRKP
_c20020517
_gPSBO
801 1 _aRU
_bRKP
_c20020517
801 2 _aRU
_bNLR
_c20031124
_grcr
942 _cBOOK
980 _aNB
980 _aNBR